000 00441nam a2200181Ia 4500
001 15533
005 20260306170203.0
008 260306t2006||||xx |||||||||||||| ||und||
041 _aESP
082 _a542.1
_bM26
100 _aMartínez Urreaga, Joaquín
_eAUT
245 0 _aExperimentación en química general
260 _c2006
300 _a218 páginas :
_c24 cm.
650 _aGEN
654 _aCCN
942 _cLIB
_dJUS
_fJUS
_2ddc
_n
999 _c15533
_d15533